000 00777nam a2200229Ia 4500
003 GCL
008 140319s9999 xx 000 0 ara d
040 _aGCL /
_cGCL
082 0 4 _aق
_b069.0962
_bم م
100 1 _aالمجلس الاعلى للاثار
245 1 0 _aمتحف المجوهرات الملكية /
_cالمجلس الاعلى للاثار
250 _aالاولى
260 _aالقاهرة :
_bالمجلس الاعلى للاثار ،
_c0
300 _a ؛
_c24 سم
650 0 4 _aالمجوهرات
650 0 4 _aالمتاحف - عمارة
650 0 4 _aالمتاحف - مصر
650 0 4 _aالمتاحف - مبانى
650 0 4 _aمتحف المجوهرات الملكية
650 0 4 _aالمتاحف - ترميم
942 _2ddc
_cBK
999 _c57687
_d57687